| 000 | 02432nam0a2200373 4500 | ||
|---|---|---|---|
| 001 | RU\NLR\BIBL_A\012882916 | ||
| 005 | 20221028160127.0 | ||
| 010 |
_a978-5-907516-52-6 _9500 (1-й з-д 60) |
||
| 021 |
_aRU _bКН-П-22-045167 _9КН-П-22-3901 |
||
| 035 | _a(NLR Aleph) 012882916 | ||
| 035 | _a(RuMoRGB)011142168 | ||
| 090 |
_a12525939 _c12525939 |
||
| 100 | _a20220906d2021 u y0rusy50 ca | ||
| 101 | 0 | _arus | |
| 102 | _aRU | ||
| 105 | _aa j 000zy | ||
| 181 | 0 |
_ai _baxxe |
|
| 182 | 0 | _an | |
| 200 | 1 |
_aМатематика _eучебное пособие _eпо направлению подготовки 05.03.06 Экология _fЛ. Н. Кондратенко, Н. А. Соловьева _gМинистерство сельского хозяйства Российской Федерации, ФГБОУ ВО "Кубанский государственный аграрный университет имени И. Т. Трубилина" |
|
| 203 |
_aТекст _bвизуальный _cнепосредственный |
||
| 210 |
_aКраснодар _cКубГАУ _d2021 |
||
| 215 |
_a119 с. _cил. _d20 |
||
| 300 | _aНа обл.: КубГАУ-100, 1922-2022 | ||
| 320 | _aБиблиогр.: с. 112-113 (22 назв.) | ||
| 330 | _aУчебное пособие содержит основные теоретические положения по темам разделов курса "Математика". Включены задачи для аудиторной и самостоятельной работы по каждой теме, а также задания для расчетно-графических работ. Предназначено для обучающихся по направлению подготовки "Экология", а также для преподавателей вузов | ||
| 606 | 1 |
_aМатематика _jУчебные издания для высших учебных заведений _9922118 _3RU\NLR\AUTH\6619329 |
|
| 675 |
_a51(075.8) _v4 |
||
| 686 | 1 | _aВ11я73-1 | |
| 700 | 1 |
_aКондратенко _bЛ. Н. _gЛариса Николаевна |
|
| 701 | 1 |
_7ca _8rus _aСоловьева _bН. А. _cпреподаватель, высш. математика _gНаталья Александровна _9193111 _3RU\NLR\AUTH\770193162 |
|
| 942 | _cBOOK | ||
| 980 | _aNB | ||